Educational Judges Towards Improving Justice (Record no. 47554)
[ view plain ]
| 000 -LEADER | |
|---|---|
| fixed length control field | 00483nam a2200181 4500 |
| 005 - DATE AND TIME OF LATEST TRANSACTION | |
| control field | 20260507130323.0 |
| 008 - FIXED-LENGTH DATA ELEMENTS--GENERAL INFORMATION | |
| fixed length control field | 260507b |||||||| |||| 00| 0 eng d |
| 020 ## - INTERNATIONAL STANDARD BOOK NUMBER | |
| ISBN | 9789004279254 |
| 082 ## - DEWEY DECIMAL CLASSIFICATION NUMBER | |
| Classification number | 347 |
| Author Mark | ARM-E |
| 100 ## - MAIN ENTRY--AUTHOR | |
| Author Name | Armytage Livingston |
| 245 ## - TITLE STATEMENT | |
| Title | Educational Judges Towards Improving Justice |
| Sub-Title | A Survey Of Global Practice |
| 250 ## - EDITION STATEMENT | |
| Edition Volume | 04 |
| 260 ## - PUBLICATION, DISTRIBUTION, ETC. | |
| Place of Publication | London |
| Name of publisher, distributor, etc. | Library Of Congress Publishers |
| 300 ## - PHYSICAL DESCRIPTION | |
| Pages | 255p |
| 490 ## - SERIES STATEMENT | |
| Volume | 04 |
| 650 ## - SUBJECT ADDED ENTRY--TOPICAL TERM | |
| Subject / Department | Education |
| 942 ## - ADDED ENTRY ELEMENTS (KOHA) | |
| Koha item type | Book |
| Withdrawn status | Lost status | Damaged status | Not for loan | Collection code | Permanent Location | Current Location | Shelving Location | Date acquired | Source of acquisition | Inventory number | Total Checkouts | Full Call Number | Accession No./Barcode | Date last seen | Koha item type |
|---|---|---|---|---|---|---|---|---|---|---|---|---|---|---|---|
| Education | Air University H-11 Campus Islamabad | Air University H-11 Campus Islamabad | Education | 05/07/2026 | Ali Book Services | AUH11-01 | 347 ARM-E | AUHEP0157 | 05/07/2026 | Book |







